000 00417nam a22001697a 4500
003 MPLRDC
005 20220104144246.0
008 210129b ||||| |||| 00| 0 eng d
082 _a857.62 SBQZ-2 v.10 c.4
100 _a松本清张
245 _a水焰
_c
260 _a
_b林白出版社
_c
300 _b
490 _a松本清张选集之10
650 _a推理小说
942 _cBK
_o857.62 SBQZ-2 v.10 c.4
999 _c47893
_d47883